[Event "Chigorin Memorial 2014"]
[Site "St Petersburg RUS"]
[Date "2014.10.22"]
[Round "5.166"]
[White "Bezobrazov, Lev"]
[Black "Kiseleva, Arina"]
[Result "0-1"]
[BlackTitle "WCM"]
[WhiteElo "1579"]
[BlackElo "1922"]
[WhiteFideId "4152409"]
[BlackFideId "4164989"]
[EventDate "2014.10.18"]

1. e4 c5 2. Nc3 Nc6 3. g3 g6 4. Bg2 Bg7 5. d3 d6 6. Nge2 e6 7. O-O Nge7 8. Bg5
O-O 9. Qd2 Re8 10. Nd1 Qc7 11. a4 f5 12. exf5 Nxf5 13. g4 Nfd4 14. Ra3 Rb8 15.
c3 Nxe2+ 16. Qxe2 b6 17. f4 Bb7 18. Qc2 a6 19. Bh4 b5 20. axb5 axb5 21. Ra1 b4
22. f5 bxc3 23. Nxc3 Nd4 24. Qd1 Bxg2 25. Kxg2 Rxb2+ 26. Kh3 exf5 27. Nd5 Qb7
28. Qa4 fxg4+ 29. Kxg4 Qc8+ 30. Kg3 Ne2+ 31. Kg2 Nf4+ 32. Kh1 Nxd5 33. Qc4 Qc6
34. Rf3 Rb4 35. Qa2 Bxa1 36. Qxa1 Rxh4 0-1

[Event "Chigorin Memorial 2014"]
[Site "St Petersburg RUS"]
[Date "2014.10.22"]
[Round "5.167"]
[White "Evsyukov, Aleksey"]
[Black "Khalikov, Bulat"]
[Result "0-1"]
[WhiteElo "1908"]
[BlackElo "1637"]
[WhiteFideId "24159557"]
[BlackFideId "34147869"]
[EventDate "2014.10.18"]

1. e4 e5 2. Nf3 Nc6 3. d4 exd4 4. Nxd4 Bc5 5. Be3 Qf6 6. c3 Nge7 7. Bc4 d6 8.
O-O O-O 9. a4 a6 10. Na3 Ne5 11. Be2 Bxa3 12. Rxa3 c5 13. Nf3 Nxf3+ 14. Bxf3 Bd7
15. Bxc5 dxc5 16. Qxd7 Rfd8 17. Qxb7 Rab8 18. Qc7 Rdc8 19. Qg3 Rxb2 20. e5 Qg6
21. Qf4 Rb1 22. Qe4 Rcb8 23. Ra1 Rxa1 24. Rxa1 Qb6 25. Rd1 h6 26. g3 Qc7 27. e6
f5 28. Qd3 a5 29. Qd7 Qxd7 30. Rxd7 Kf8 31. Be2 g6 32. Bb5 Rb6 33. Rd8+ Kg7 34.
Bd7 Rb1+ 35. Kg2 Rc1 36. Re8 Kf6 37. Ra8 Rxc3 38. Rxa5 Rc1 39. Kf3 c4 40. Ke3 c3
41. Kd3 Rf1 42. f4 Rf2 43. Kxc3 g5 44. fxg5+ hxg5 45. Kd4 Rxh2 46. Ra8 Rd2+ 47.
Ke3 Ra2 48. Kd4 Rd2+ 49. Kc5 Rc2+ 50. Kb5 Rb2+ 51. Ka6 Rb3 52. a5 Rxg3 53. Rf8+
Ke5 54. Ka7 g4 55. a6 Rb3 56. Rb8 Ra3 57. Rb5+ Kd6 58. Rb6+ Kc7 59. Rb7+ Kd6 60.
Rb6+ Ke5 61. Rb5+ Kf6 62. Kb7 g3 63. Rb2 f4 64. Rg2 f3 65. Rxg3 f2 66. Rxa3 f1=Q
67. a7 Qh1+ 68. Ka6 Qa8 69. Rb3 Qd5 70. Rb5 Qf3 71. Rb8 Qa3+ 72. Kb7 Qb4+ 73.
Ka8 Qe4+ 74. Rb7 Qd5 75. Kb8 Qd6+ 76. Ka8 Nd5 77. Rb1 Qc7 78. Rf1+ Ke7 79. Rb1
Nb6+ 80. Rxb6 Qxb6 81. Bb5 Kxe6 82. Bd7+ Kd6 83. Bc8 Kc7 0-1

[Event "Chigorin Memorial 2014"]
[Site "St Petersburg RUS"]
[Date "2014.10.22"]
[Round "5.168"]
[White "Kapitsa, Artem"]
[Black "Nasibullin, Iskander"]
[Result "0-1"]
[WhiteElo "1443"]
[BlackElo "1907"]
[WhiteFideId "44188056"]
[BlackFideId "34124273"]
[EventDate "2014.10.18"]

1. d4 d5 2. c4 e6 3. cxd5 exd5 4. g3 c5 5. Bg2 Nf6 6. Bg5 Nc6 7. Nf3 Be7 8. Nc3
c4 9. O-O O-O 10. a3 h6 11. Bxf6 Bxf6 12. e3 Bg4 13. Qc2 Qd7 14. Nd2 Be6 15. b3
Rfd8 16. Rfd1 Na5 17. b4 Nc6 18. Nf1 Bf5 19. Qd2 Qe6 20. Rac1 Bh3 21. Nb5 Bxg2
22. Kxg2 Rac8 23. Qc2 h5 24. Nc3 h4 25. h3 hxg3 26. Nxg3 Ne7 27. Qe2 Ng6 28. Qg4
Qc6 29. Nh5 Rd6 30. Nxf6+ Rxf6 31. Kf1 Re8 32. Ke2 Nf4+ 33. Kf1 Nd3 34. Rc2 Rxe3
35. Qh5 Nf4 36. Qg5 Rxh3 37. Ke1 Nd3+ 38. Kd2 Rxf2+ 39. Ne2 Qe8 40. Qg4 Qe3+ 0-1

[Event "Chigorin Memorial 2014"]
[Site "St Petersburg RUS"]
[Date "2014.10.22"]
[Round "5.169"]
[White "Shuvalov, Arvind"]
[Black "Chursina, Ada"]
[Result "1-0"]
[WhiteElo "1900"]
[BlackElo "1583"]
[WhiteFideId "24199079"]
[BlackFideId "34135283"]
[EventDate "2014.10.18"]

1. e4 e6 2. d4 d5 3. Nc3 Nf6 4. e5 Nfd7 5. f4 c5 6. Nf3 Nc6 7. Bd3 cxd4 8. Ne2
Bb4+ 9. Bd2 Bxd2+ 10. Qxd2 Qb6 11. Rb1 a6 12. O-O O-O 13. Kh1 Nc5 14. Nfxd4 Nxd3
15. Qxd3 Nxd4 16. Nxd4 Bd7 17. Rf3 Rac8 18. c3 Bb5 19. Qd2 Rce8 20. Rg3 Qc7 21.
Re1 f6 22. f5 Bd7 23. exf6 Rxf6 24. Qg5 Rf7 25. fxe6 Bxe6 26. Rge3 Ref8 27. Rg1
Bf5 28. Rf3 Qd7 29. Rgf1 Be4 30. Rf4 h6 31. Qg3 Rxf4 32. Rxf4 Rxf4 33. Qxf4 Qf7
34. Qxf7+ Kxf7 35. Kg1 Kf6 36. Kf2 Ke5 37. g3 g6 38. Ke3 g5 39. a3 h5 40. h4 g4
41. Ne2 Bg6 42. Nf4 Be8 43. Nd3+ Kf5 44. Kd4 Bc6 45. Nf4 Be8 46. Kxd5 Bf7+ 47.
Kd4 Be8 48. b4 Bf7 49. c4 Be8 50. Nd3 Bd7 51. Nc5 Bc6 52. a4 Bf3 53. a5 Bc6 54.
b5 axb5 55. cxb5 Bxb5 56. Nxb7 Bf1 57. Nc5 Bg2 58. a6 1-0

[Event "Chigorin Memorial 2014"]
[Site "St Petersburg RUS"]
[Date "2014.10.22"]
[Round "5.172"]
[White "Akopian, Agasi"]
[Black "Morozov, Boris"]
[Result "1-0"]
[WhiteElo "1543"]
[BlackElo "1805"]
[WhiteFideId "34136271"]
[BlackFideId "4129695"]
[EventDate "2014.10.18"]

1. e4 e5 2. Nf3 Nc6 3. Bc4 Nf6 4. Ng5 d5 5. exd5 b5 6. Bd3 Qxd5 7. O-O Bg4 8. f3
Bc5+ 9. Kh1 h5 10. Nc3 Qd8 11. Nge4 Nxe4 12. Nxe4 Bb6 13. fxg4 Qh4 14. g3 Qe7
15. Bxb5 Kd7 16. Qf3 hxg4 17. Nf6+ gxf6 18. Qxc6+ 1-0

[Event "Chigorin Memorial 2014"]
[Site "St Petersburg RUS"]
[Date "2014.10.22"]
[Round "5.173"]
[White "Sindarov, Islombek"]
[Black "Shakhmatov, Roman"]
[Result "0-1"]
[WhiteElo "1527"]
[BlackElo "1775"]
[WhiteFideId "14205475"]
[BlackFideId "13706411"]
[EventDate "2014.10.18"]

1. e4 e6 2. d4 d5 3. Nd2 Be7 4. Bd3 c5 5. c3 Nf6 6. Ngf3 Nc6 7. O-O dxe4 8. Nxe4
cxd4 9. cxd4 O-O 10. Be3 Nb4 11. Bb1 b6 12. a3 Nbd5 13. Qc2 Bb7 14. Bg5 Rc8 15.
Qd3 g6 16. Bh6 Re8 17. Qe2 Nxe4 18. Qxe4 Bf6 19. Rd1 Qe7 20. Qe2 Red8 21. Be4
Rc7 22. Bxd5 Bxd5 23. Bf4 Bxf3 24. Qxf3 Rcd7 25. Be5 Bg7 26. Qb3 f6 27. Bg3 Rxd4
28. Re1 Kf7 29. Rac1 Rd3 30. Qa4 Bh6 31. Rc7 R8d7 32. Qxa7 Rxc7 33. Qxc7 Qxc7
34. Bxc7 Rb3 35. Rb1 e5 36. Bd6 Bd2 37. Bb8 Bc3 38. Rc1 Rxb2 39. h3 Bd4 40. Rc7+
Ke6 0-1

[Event "Chigorin Memorial 2014"]
[Site "St Petersburg RUS"]
[Date "2014.10.22"]
[Round "5.174"]
[White "Gantsevich, Aleksey A."]
[Black "Panov, Konstantin"]
[Result "1-0"]
[WhiteElo "1766"]
[BlackElo "1588"]
[WhiteFideId "24195863"]
[BlackFideId "34115223"]
[EventDate "2014.10.18"]

1. e4 e6 2. d4 d5 3. Nc3 Bb4 4. e5 Ne7 5. a3 Bxc3+ 6. bxc3 b6 7. Qg4 O-O 8. Bg5
Ba6 9. Bf6 g6 10. Qh4 Re8 11. Bxa6 Nxa6 12. g4 h5 13. gxh5 Qd7 14. hxg6 fxg6 15.
Qh8+ 1-0

[Event "Chigorin Memorial 2014"]
[Site "St Petersburg RUS"]
[Date "2014.10.22"]
[Round "5.175"]
[White "Bodnaruk, Svyatoslav"]
[Black "Sapegin, Yaroslav"]
[Result "1-0"]
[WhiteElo "1633"]
[BlackElo "1587"]
[WhiteFideId "34171212"]
[BlackFideId "44168322"]
[EventDate "2014.10.18"]

1. e4 c5 2. Nf3 e6 3. c3 d5 4. Qc2 Nc6 5. d4 dxe4 6. Qxe4 Nf6 7. Qd3 cxd4 8.
cxd4 Nb4 9. Qd1 Nbd5 10. Bd2 Bd7 11. Nc3 Be7 12. Bd3 O-O 13. a3 Bc6 14. Ne4 Qb6
15. b4 Nxe4 16. Bxe4 Rac8 17. O-O Bf6 18. Bxd5 Bxd5 19. Be3 Rfd8 20. Ne5 Bc4 21.
Nxc4 Rxc4 22. Qe2 Rdc8 23. d5 Qa6 24. Rad1 exd5 25. Rxd5 Qxa3 26. Bc5 Rc1 27.
Rdd1 Rxd1 28. Rxd1 b6 29. Qg4 Qa6 30. b5 Qb7 31. Ba3 Re8 32. h3 Rd8 33. Re1 h6
34. Bc1 Kh7 35. Qh5 Kg8 36. Qg4 Kh8 37. Qf5 Qd5 38. Re8+ Rxe8 39. Qxd5 Re1+ 40.
Kh2 Rxc1 41. Qa8+ Kh7 42. Qxa7 Bd4 43. Qxf7 Rf1 44. Qf5+ g6 45. Qf7+ Bg7 46. f3 1-0

[Event "Chigorin Memorial 2014"]
[Site "St Petersburg RUS"]
[Date "2014.10.22"]
[Round "5.176"]
[White "Ladzin, Ivan"]
[Black "Pitkanen, Juhani"]
[Result "1-0"]
[WhiteElo "1961"]
[BlackElo "1736"]
[WhiteFideId "24192899"]
[BlackFideId "504432"]
[EventDate "2014.10.18"]

1. d4 Nf6 2. c4 g6 3. Nc3 Bg7 4. e4 d6 5. f3 O-O 6. Be3 c5 7. Nge2 Nbd7 8. Qd2
a6 9. Ng3 h5 10. h4 cxd4 11. Bxd4 Nc5 12. Be2 Nfd7 13. Bxg7 Kxg7 14. f4 e6 15.
O-O-O Qf6 16. b4 Na4 17. Nxa4 Qa1+ 18. Kc2 1-0

[Event "Chigorin Memorial 2014"]
[Site "St Petersburg RUS"]
[Date "2014.10.22"]
[Round "5.177"]
[White "Shadunts, Kirill"]
[Black "Bajaramov, Elvin"]
[Result "0-1"]
[WhiteElo "1696"]
[BlackElo "1950"]
[WhiteFideId "34152781"]
[BlackFideId "24142514"]
[EventDate "2014.10.18"]

1. d4 Nf6 2. c4 g6 3. Nc3 d5 4. cxd5 Nxd5 5. Bd2 Bg7 6. e4 Nb6 7. Be3 O-O 8. h3
Nc6 9. Nf3 e5 10. d5 Ne7 11. Nd2 c6 12. dxc6 Nxc6 13. Bc5 Re8 14. Nc4 Nd4 15.
Nxb6 axb6 16. Ba3 b5 17. Bxb5 Nxb5 18. Qxd8 Rxd8 19. Nxb5 Be6 20. Nc7 Ra4 21. f3
Bc4 22. Rc1 Bh6 23. Rd1 Rxd1+ 24. Kxd1 Bd3 25. Nd5 Rc4 26. b3 Rc2 27. Nb4 Rd2+
28. Ke1 Re2+ 29. Kd1 Bb5 30. Bc1 Bf8 31. Bd2 Rxg2 32. a4 Be2+ 33. Kc1 Bxf3 34.
Rf1 Bxe4 0-1

[Event "Chigorin Memorial 2014"]
[Site "St Petersburg RUS"]
[Date "2014.10.22"]
[Round "5.178"]
[White "Goryachev, Maksim"]
[Black "Kiselev, Viktor"]
[Result "0-1"]
[WhiteElo "1693"]
[BlackElo "1876"]
[WhiteFideId "44188064"]
[BlackFideId "24119075"]
[EventDate "2014.10.18"]

1. e4 e5 2. Nf3 Nc6 3. Bb5 d6 4. c3 Nf6 5. d3 Be7 6. O-O O-O 7. h3 Bd7 8. Nbd2
Qc8 9. Re1 h6 10. Nf1 Kh8 11. Ng3 Ng8 12. Ba4 f5 13. exf5 Bxf5 14. Nxf5 Qxf5 15.
Bc2 d5 16. b4 Bd6 17. b5 Nce7 18. c4 c6 19. Bb2 Ng6 20. Qd2 Rad8 21. cxd5 cxd5
22. Nxe5 Nf4 23. d4 Qg5 24. Ng6+ Nxg6 25. Qxg5 hxg5 26. Bxg6 Rf6 27. Bh5 Ne7 28.
Re2 g6 29. Bf3 Kg7 30. Rae1 Rd7 31. Bc1 Bb4 32. Rd1 Rb6 33. Bxg5 Nf5 34. g4 Nh6
35. a4 Nf7 36. Bf4 Rf6 37. Bxd5 Rxf4 38. Bxf7 Kxf7 39. d5 Bc5 40. Rc2 b6 0-1

[Event "Chigorin Memorial 2014"]
[Site "St Petersburg RUS"]
[Date "2014.10.22"]
[Round "5.179"]
[White "Zvereva, Svetlana"]
[Black "Shemenko, Georgy"]
[Result "0-1"]
[WhiteElo "1657"]
[BlackElo "1803"]
[WhiteFideId "24121282"]
[BlackFideId "34112879"]
[EventDate "2014.10.18"]

1. e4 e6 2. d4 d5 3. exd5 exd5 4. Bd3 Bd6 5. h3 Nf6 6. Nf3 O-O 7. O-O Nc6 8. c3
h6 9. Re1 Re8 10. Be3 Ne4 11. Nbd2 f5 12. Nb3 Qf6 13. Qc2 Bd7 14. Nc5 Bc8 15.
Qb3 Qf7 16. Nxb7 Rb8 17. Nxd6 cxd6 18. Qc2 g5 19. Bxe4 dxe4 20. Nh2 Ba6 21. f4
d5 22. Qf2 Rf8 23. b3 Ne7 24. Qg3 Ng6 25. Bd2 Qc7 26. Nf1 Nxf4 27. Bxf4 Qxf4 28.
Qe3 Kh7 29. g3 Qc7 30. Kg2 f4 31. Qc1 e3 32. Qc2+ Kh8 33. Qg6 Rb6 34. Qc2 f3+
35. Kh2 e2 36. Ne3 f2 37. Rxe2 Rf3 38. Nf1 Bxe2 39. Qxe2 Rbf6 40. Qe5 Qxc3 41.
Qe8+ Kg7 42. Qe7+ Rf7 43. Qe5+ Kg6 44. Rd1 Qc2 45. Rd2 Qxd2 46. Nxd2 f1=Q 47.
Nxf1 Rf2+ 48. Kg1 Rxf1+ 49. Kg2 R7f2# 0-1

[Event "Chigorin Memorial 2014"]
[Site "St Petersburg RUS"]
[Date "2014.10.22"]
[Round "5.180"]
[White "Khatenever, Feliks"]
[Black "Gantsevich, Dmitry"]
[Result "0-1"]
[WhiteElo "1795"]
[BlackElo "1698"]
[WhiteFideId "4131800"]
[BlackFideId "24162582"]
[EventDate "2014.10.18"]

1. e4 c5 2. Nc3 d6 3. d3 Nf6 4. g3 g6 5. Bg2 Bg7 6. f4 Nc6 7. Nf3 O-O 8. O-O Rb8
9. a4 a6 10. h3 b5 11. axb5 axb5 12. Kh2 b4 13. Ne2 Bb7 14. Ng5 h6 15. Nf3 Qc7
16. Rb1 Kh7 17. b3 Ra8 18. f5 gxf5 19. Nh4 e6 20. exf5 Nd4 21. Be4 Bxe4 22. dxe4
Nxe4 23. Nxd4 cxd4 24. Qd3 Nc5 25. Qe2 Nd7 26. Bd2 e5 27. Bxb4 Ra2 28. Rf2 Rc8
29. Rc1 Qb6 30. Be1 Bf6 31. Qh5 Kg7 32. Qg4+ Kh7 33. Qh5 Kg7 34. Qg4+ Kf8 35.
Qd1 Bg5 36. Ra1 Rxa1 37. Qxa1 d3 38. cxd3 Qxb3 39. Nf3 Be3 40. Rg2 Qxd3 41. Qa4
Qxf5 42. Qa6 Nb6 43. Nh4 Qb1 44. Qe2 Bg5 45. Nf3 Rc1 46. h4 Bf6 47. Qd2 Ke7 48.
Qb2 e4 49. Qxb1 Rxb1 50. Re2 d5 51. Ng1 Bd4 52. Nh3 Be5 53. Kg2 Rb2 54. Rxb2
Bxb2 55. Bd2 Bg7 56. Bb4+ Ke6 57. Nf4+ Kf5 58. Nh5 Be5 59. Kh3 Nc4 60. g4+ Kg6
61. Ng3 Bxg3 62. Kxg3 Ne5 63. h5+ Kg7 64. Bc3 f6 65. Kf4 Nf3 66. Ke3 Kf7 67. Bb4
Ne5 68. Bc3 Nxg4+ 69. Kf4 Ne5 70. Kf5 e3 71. Kf4 Nc4 72. Kf3 Ke6 73. Ke2 Kf5 74.
Bd4 Kg5 75. Kf3 f5 76. Bc3 f4 0-1

[Event "Chigorin Memorial 2014"]
[Site "St Petersburg RUS"]
[Date "2014.10.22"]
[Round "5.181"]
[White "Akhmetshin, Aydar"]
[Black "Aksenova, Maria"]
[Result "0-1"]
[WhiteElo "1609"]
[BlackElo "1777"]
[WhiteFideId "34137065"]
[BlackFideId "24173312"]
[EventDate "2014.10.18"]

1. e4 c5 2. Nf3 e6 3. d4 cxd4 4. Nxd4 a6 5. Bd3 Qc7 6. O-O Nf6 7. Qe2 Nc6 8. Be3
b5 9. a4 b4 10. Nxc6 dxc6 11. a5 c5 12. Nd2 Bb7 13. Bg5 Nd7 14. Bh4 Bd6 15. h3
Ne5 16. Nc4 Nxc4 17. Bxc4 Be5 18. Ra2 O-O 19. Rd1 Bd4 20. Bg3 Qxg3 21. Rxd4 Qe5
22. Rd7 Bc6 23. Rd2 Qxe4 24. Qxe4 Bxe4 25. c3 bxc3 26. bxc3 Rfb8 27. Rab2 Kf8
28. f3 Rxb2 29. Rxb2 Bd5 30. Bd3 Ke7 31. Rb6 c4 32. Be2 Kd7 33. Kf2 Kc7 34. Ke3
e5 35. Rb4 Rb8 36. Bxc4 Rxb4 37. Bxd5 Rb5 38. Bxf7 Rxa5 39. Ke4 Kd6 40. h4 Ra1
41. h5 a5 42. Kd3 Rg1 43. g4 Rg2 44. c4 a4 45. Kc3 a3 0-1

[Event "Chigorin Memorial 2014"]
[Site "St Petersburg RUS"]
[Date "2014.10.22"]
[Round "5.182"]
[White "Bodnaruk, Kseniya"]
[Black "Mihailov, Dimitri"]
[Result "0-1"]
[WhiteElo "1558"]
[BlackElo "1765"]
[WhiteFideId "34177865"]
[BlackFideId "13901273"]
[EventDate "2014.10.18"]

1. e4 Nf6 2. Nc3 d5 3. e5 Nfd7 4. d4 e6 5. f4 c5 6. Nf3 Nc6 7. Be3 Qb6 8. Na4
Qa5+ 9. c3 cxd4 10. Nxd4 Nxd4 11. Bxd4 b5 12. Nc5 Nxc5 13. b4 Qc7 14. bxc5 a6
15. g3 Bxc5 16. Bg2 Bd7 17. O-O Rc8 18. Rc1 Qa5 19. Qb3 O-O 20. Kh1 Rc7 21. Rc2
Rfc8 22. Rfc1 Bxd4 23. h4 Rxc3 24. Qb1 Rxc2 25. Rxc2 Rxc2 26. Qxc2 Qc3 27. Qxc3
Bxc3 28. Bf1 a5 29. Kg2 b4 30. Be2 Ba4 31. Bd3 Bd1 32. Kf2 b3 33. Bb1 Bc2 34.
axb3 Bxb1 35. Ke2 Bc2 36. g4 Bxb3 37. Kd3 d4 38. f5 a4 39. f6 g6 40. h5 g5 41.
h6 a3 42. Ke4 a2 43. Kf3 a1=Q 44. Ke4 Qe1+ 45. Kf3 Bd5# 0-1

[Event "Chigorin Memorial 2014"]
[Site "St Petersburg RUS"]
[Date "2014.10.23"]
[Round "6.13"]
[White "Sethuraman, S.P."]
[Black "Wallace, John Paul"]
[Result "1-0"]
[WhiteTitle "GM"]
[BlackTitle "IM"]
[WhiteElo "2613"]
[BlackElo "2408"]
[WhiteFideId "5021596"]
[BlackFideId "3200957"]
[EventDate "2014.10.18"]

1. d4 Nf6 2. c4 g6 3. Nc3 Bg7 4. e4 d6 5. Nf3 O-O 6. h3 e5 7. d5 a5 8. Be3 Na6
9. g4 Nc5 10. Nd2 c6 11. Be2 Bd7 12. h4 a4 13. g5 Ne8 14. a3 Qa5 15. h5 Nc7 16.
Rc1 f6 17. hxg6 hxg6 18. gxf6 Rxf6 19. f3 Rff8 20. Kf2 Ne8 21. Qg1 Nf6 22. Qxg6
Ng4+ 23. Kg3 Nxe3 24. Rh7 Rf7 25. Rch1 Kf8 26. Rxg7 1-0

[Event "Chigorin Memorial 2014"]
[Site "St Petersburg RUS"]
[Date "2014.10.23"]
[Round "6.14"]
[White "Potkin, Vladimir"]
[Black "Baghdasaryan, Vahe"]
[Result "1-0"]
[WhiteTitle "GM"]
[BlackTitle "IM"]
[WhiteElo "2610"]
[BlackElo "2343"]
[WhiteFideId "4131061"]
[BlackFideId "13303139"]
[EventDate "2014.10.18"]

1. e4 c5 2. Nf3 Nc6 3. d4 cxd4 4. Nxd4 Nf6 5. Nc3 e6 6. Ndb5 Bc5 7. Bf4 O-O 8.
Bc7 Qe7 9. Bd6 Bxd6 10. Qxd6 Qd8 11. O-O-O a6 12. Nd4 Ne8 13. Qg3 d6 14. f4 Bd7
15. Nf3 b5 16. e5 d5 17. Bd3 f5 18. exf6 Nxf6 19. Qh4 b4 20. Ne2 Qa5 21. Kb1 b3
22. cxb3 Nb4 23. a3 Nxd3 24. Rxd3 e5 25. Rdd1 Bf5+ 26. Ka2 Bc2 27. fxe5 Bxd1 28.
Rxd1 Ne4 29. Nf4 Rad8 30. Ne6 Qb5 31. Nxf8 Rxf8 32. Qe1 a5 33. Qe3 Rc8 34. Nd2
Nc5 1-0

[Event "Chigorin Memorial 2014"]
[Site "St Petersburg RUS"]
[Date "2014.10.23"]
[Round "6.15"]
[White "Tsydypov, Zhamsaran"]
[Black "Goganov, Aleksey"]
[Result "0-1"]
[WhiteTitle "FM"]
[BlackTitle "GM"]
[WhiteElo "2406"]
[BlackElo "2608"]
[WhiteFideId "4108566"]
[BlackFideId "24109959"]
[EventDate "2014.10.18"]

1. e4 d6 2. d4 Nf6 3. Nc3 e5 4. Nf3 Nbd7 5. Bc4 Be7 6. O-O O-O 7. a4 a5 8. Re1
c6 9. Ba2 exd4 10. Nxd4 Nc5 11. Qf3 Ng4 12. Nf5 Ne5 13. Nxe7+ Qxe7 14. Qg3 Be6
15. Bh6 Ng6 16. Bg5 f6 17. Bxe6+ Nxe6 18. Be3 f5 19. exf5 Rxf5 20. Ne4 Re5 21.
Bd2 d5 22. Ng5 Nef4 23. Rxe5 Qxe5 24. Kh1 Qxb2 25. Rd1 Rf8 26. Qc3 Qxc3 27. Bxc3
h6 28. Nf3 Nh3 29. Bd4 Ng5 30. Nxg5 hxg5 31. Rb1 Nf4 32. Bc5 Re8 33. g3 Ne6 34.
Bb6 g4 35. Kg2 d4 36. h3 gxh3+ 37. Kxh3 Kf7 38. Bxa5 Ra8 39. Rxb7+ Kf6 40. Bb6
Rxa4 41. f4 Rc4 42. Kg4 g6 43. Ba7 Rxc2 44. Bb8 Nc5 45. Be5+ Ke6 46. Rg7 d3 47.
Rxg6+ Kd5 48. Rd6+ Ke4 49. Bg7 d2 50. Bc3 Rxc3 51. Rxd2 Nd3 52. Re2+ Kd4 53. Kg5
c5 54. f5 Ne5 55. Rg2 c4 56. g4 Ra3 57. f6 Rf3 58. Rd2+ Ke3 0-1

[Event "Chigorin Memorial 2014"]
[Site "St Petersburg RUS"]
[Date "2014.10.23"]
[Round "6.16"]
[White "Savchenko, Boris"]
[Black "Isakov, Andrey"]
[Result "1-0"]
[WhiteTitle "GM"]
[WhiteElo "2608"]
[BlackElo "2258"]
[WhiteFideId "4147332"]
[BlackFideId "4151003"]
[EventDate "2014.10.18"]

1. e4 e5 2. Nf3 Nc6 3. Bb5 d6 4. d4 Bd7 5. O-O Nf6 6. Re1 exd4 7. Nxd4 Nxd4 8.
Bxd7+ Qxd7 9. Qxd4 Be7 10. c4 O-O 11. Nc3 Rfe8 12. b3 Ng4 13. Bb2 Bh4 14. Re2
Bf6 15. Qd2 Be5 16. h3 Nf6 17. f4 Bxc3 18. Qxc3 Qc6 19. Qg3 Kh8 20. Rae1 Rg8 21.
e5 dxe5 22. fxe5 Nh5 23. Qh4 Qg6 24. Kh2 Rad8 25. e6 Rd3 26. Re5 f5 27. Rd5 Rg3
28. Re2 h6 29. e7 Re8 30. Rd8 Kh7 31. Rxe8 Qxe8 32. Qxh5 1-0

[Event "Chigorin Memorial 2014"]
[Site "St Petersburg RUS"]
[Date "2014.10.23"]
[Round "6.17"]
[White "Zubritskiy, Artyom"]
[Black "Bernadskiy, Vitaliy"]
[Result "0-1"]
[BlackTitle "GM"]
[WhiteElo "2360"]
[BlackElo "2558"]
[WhiteFideId "4181247"]
[BlackFideId "14100371"]
[EventDate "2014.10.18"]

1. d4 f5 2. Nf3 Nf6 3. g3 g6 4. Bg2 Bg7 5. O-O O-O 6. b3 Ne4 7. Bb2 c5 8. e3 Nc6
9. c4 e6 10. Nc3 d5 11. Rc1 b6 12. dxc5 bxc5 13. cxd5 exd5 14. Na4 Bxb2 15. Nxb2
Ba6 16. Re1 Nb4 17. a3 Na2 18. Rc2 Nac3 19. Qc1 d4 20. Ne5 Rc8 21. f3 Nf6 22.
Rxc3 dxc3 23. Qxc3 Qe7 24. f4 Bb7 25. Bf1 Rfd8 26. Bc4+ Bd5 27. Nbd3 Ne4 28.
Bxd5+ Rxd5 29. Qc4 Qe6 30. Rc1 Nd2 31. Qc3 Nxb3 0-1

[Event "Chigorin Memorial 2014"]
[Site "St Petersburg RUS"]
[Date "2014.10.23"]
[Round "6.18"]
[White "Rozum, Ivan"]
[Black "Sorokin, Aleksey"]
[Result "1/2-1/2"]
[WhiteTitle "GM"]
[WhiteElo "2551"]
[BlackElo "2246"]
[WhiteFideId "24104272"]
[BlackFideId "24176460"]
[EventDate "2014.10.18"]

1. c4 e5 2. Nc3 Nf6 3. g3 d5 4. cxd5 Nxd5 5. Bg2 Nb6 6. Nf3 Nc6 7. O-O Be7 8. a3
O-O 9. b4 Be6 10. d3 a5 11. b5 Nd4 12. Nd2 c6 13. bxc6 Nxc6 14. Bb2 a4 15. Bxc6
bxc6 16. Qc2 Ra5 17. Rfc1 Qa8 18. Nd1 Rc5 19. Qb1 Rb5 20. Qc2 Rc5 21. Bc3 f5 22.
Nb2 Rb8 23. Qd1 Bf6 24. e4 Bg5 25. Bb4 Rxc1 26. Rxc1 fxe4 27. dxe4 Nd7 28. Nd3
Qa6 29. Rc3 Bf6 30. Qc2 Rc8 31. Kg2 h5 32. h4 Qa8 33. Bd6 Qa6 34. Nb4 Qe2 35.
Nxc6 Kh7 36. Nb4 Rxc3 37. Qxc3 Bd8 38. Qd3 Qg4 39. Nf3 Bf6 40. Nd5 Qg6 41. Bb4
Qf7 42. Qd1 Bxd5 43. Qxd5 Qxd5 44. exd5 Kg6 45. Nd2 Kf5 46. f3 Nb6 47. d6 Nd5
48. Ba5 Ke6 49. Ne4 g6 50. Bc7 Kd7 51. Kf2 Nxc7 52. Nxf6+ Kxd6 53. Ne4+ Kc6 54.
Nc3 Nb5 55. Nxa4 Nxa3 56. Ke3 Kd6 57. Nc3 Nc4+ 58. Kd3 Nb6 59. g4 Ke6 1/2-1/2

[Event "Chigorin Memorial 2014"]
[Site "St Petersburg RUS"]
[Date "2014.10.23"]
[Round "6.19"]
[White "Gorozhanin, Mikhail"]
[Black "Lalith, Babu M.R."]
[Result "1/2-1/2"]
[WhiteTitle "FM"]
[BlackTitle "GM"]
[WhiteElo "2317"]
[BlackElo "2547"]
[WhiteFideId "4178262"]
[BlackFideId "5024595"]
[EventDate "2014.10.18"]

1. d4 Nf6 2. Nf3 c5 3. d5 e6 4. Nc3 d6 5. e4 e5 6. Be2 g6 7. O-O Be7 8. Nd2 Nbd7
9. a4 O-O 10. a5 a6 11. Nc4 Qc7 12. Be3 b5 13. axb6 Nxb6 14. Na5 Bd7 15. b3 Rfb8
16. f3 Nh5 17. Re1 f5 18. Qd2 Nf6 19. Ra3 fxe4 20. fxe4 Ng4 21. Bxg4 Bxg4 22.
Nc6 Rf8 23. Rea1 Bc8 24. Qe2 Bb7 25. Na5 Bc8 26. Nc6 Bb7 27. Na5 Bc8 28. Nc6 Bb7 1/2-1/2

[Event "Chigorin Memorial 2014"]
[Site "St Petersburg RUS"]
[Date "2014.10.23"]
[Round "6.20"]
[White "Popov, Valerij"]
[Black "Grigorjev, Iljya"]
[Result "1-0"]
[WhiteTitle "GM"]
[WhiteElo "2546"]
[BlackElo "2203"]
[WhiteFideId "4119410"]
[BlackFideId "24159565"]
[EventDate "2014.10.18"]

1. Nf3 Nf6 2. c4 g6 3. d4 Bg7 4. e3 O-O 5. Be2 d5 6. cxd5 Nxd5 7. e4 Nb6 8. Be3
Bg4 9. Nbd2 Nc6 10. O-O Qd7 11. a4 a5 12. d5 Nb4 13. Qb3 Kh8 14. h3 Bxf3 15.
Bxf3 f5 16. Rfd1 fxe4 17. Nxe4 Rxf3 18. gxf3 N6xd5 19. Bc5 c6 20. Bxb4 axb4 21.
Qxb4 Rd8 22. Nc5 Qxh3 23. Qg4 Qxg4+ 24. fxg4 Bxb2 25. Rab1 Ba3 26. Nxb7 Ra8 27.
Rd4 Nc3 28. Re1 Nxa4 29. Rd8+ Rxd8 30. Nxd8 Nb6 31. Nxc6 Nd5 32. Re5 Nf6 33. g5
Ng8 34. Nd8 h6 35. f4 hxg5 36. fxg5 e6 37. Kg2 Kg7 38. Nxe6+ Kf7 39. Nd8+ Kg7
40. Nc6 Kf7 41. Re3 Bc1 42. Nd8+ Kg7 43. Re5 Ba3 44. Kf3 Ne7 45. Ra5 Bb4 46. Rb5
Ba3 47. Rb7 Kg8 48. Ke4 Nf5 49. Rb6 Kg7 50. Ne6+ Kf7 51. Nf4 Be7 52. Nd3 Kg7 53.
Ne5 Nd6+ 54. Kd5 Nf7 55. Rb7 1-0